000 00347nam a2200133Ia 4500
999 _c10836
_d10836
008 191201s2011 xx 000 0 und d
082 _a301.2
_bLUU
100 _aLUHAN, Marshall Mc
245 0 _aUnderstanding Media
260 _aLondon
_bRoutledge Classics
_c2018
300 _a392
650 _aBachelor of Mass Communication
942 _2ddc
_cBK